Statistics for 40-ish words that rhyme with "air"

Click here to take the quiz!

General Stats

  • This quiz has been taken 1,135 times
    (1,131 since last reset)
  • The average score is 27 of 40

Answer Stats

Rhyme % Correct
dare
95%
care
95%
hair
94%
bare
93%
fair
93%
bear
92%
mare
91%
lair
90%
pair
88%
fare
86%
wear
85%
tear
84%
rare
83%
hare
82%
stare
81%
pare
76%
ware
75%
tare
71%
chair
71%
share
70%
pear
68%
stair
66%
spare
65%
there
60%
glare
60%
flair
60%
where
59%
blare
58%
snare
57%
scare
56%
flare
55%
their
51%
swear
48%
prayer
44%
square
42%
heir
38%
they're
35%
mayor
29%
ere
18%
err
16%

Score Distribution

Percentile by Number Answered

Percent of People with Each Score

Your Score History

You have not taken this quiz since the last reset